000 00893cam a2200277 a 4500
999 _c9481
_d9481
001 2878849
003 GBCCL
005 20241126110713.0
008 860703t19861984ilu 001 0 eng
010 _a 86017997
020 _a0802451322 (pbk.)
040 _aDLC
_cDLC
_dDLC
050 0 0 _aBS2545.C5
_bM3 1986
082 0 0 _a262
_219
_bMAC
100 1 _aMacArthur, John,
_d1939-
_91165
245 1 4 _aThe anatomy of a church /
_cby John MacArthur, Jr.
260 _aPanorama City :
_bWord of Grace communications,
_cc1984.
300 _a136 p. ;
_c22 cm.
490 1 _aJohn MacArthur's Bible studies
500 _aIncludes index.
630 0 0 _aBible.
_pNew Testament
_xCriticism, interpretation, etc.
_9338
650 0 _aChurch
_xBiblical teaching.
_96223
800 1 _aMacArthur, John,
_d1939-
_tBible studies.
_98395
906 _a7
_bcbc
_corignew
_d1
_eocip
_f19
_gy-gencatlg
942 _2ddc
_cBK